000 00600nam a22001817a 4500
999 _c191692
_d191692
005 20220831163201.0
010 _aENG-134840
020 _a9789381008621
_c200.00
035 _aEN-118372
037 _bDBAD/PUB
082 _a158.1
100 _aSai, Vasantha
245 _aWho is in Swami's Heart New Bliss/
_cVasantha Sai
260 _aTamil Nadu
_bMukthi Nilayam
_c2011
270 _aRoyapalayam Village B.O. Tirumangalam S.O. Madurai-Virudhunagar Road, Madurai Dt
_bTamil Nadu
_e625706
_mmukthinilayam@gmail.com
300 _a195p.
_c21cm(pbk)
942 _2ddc
_cEN
_h158.1
_mSAI